<?xml version="1.0" encoding="UTF-8"?>
<marc:record xmlns:marc="http://www.loc.gov/MARC21/slim">
   <marc:leader>00000nam a2200000 a 4500</marc:leader>
   <marc:datafield ind1="1" ind2=" " tag="100">
      <marc:subfield code="a">Morandell, Robert</marc:subfield>
      <marc:subfield code="4">aut</marc:subfield>
      <marc:subfield code="e">Verfasser/-in</marc:subfield>
   </marc:datafield>
   <marc:datafield ind1=" " ind2=" " tag="653">
      <marc:subfield code="a">Softcover / Musik</marc:subfield>
   </marc:datafield>
   <marc:datafield ind1=" " ind2=" " tag="653">
      <marc:subfield code="a">Gitarre</marc:subfield>
   </marc:datafield>
   <marc:datafield ind1=" " ind2=" " tag="653">
      <marc:subfield code="a">Gitarrenschule</marc:subfield>
   </marc:datafield>
   <marc:datafield ind1=" " ind2=" " tag="653">
      <marc:subfield code="a">Gitarre lernen</marc:subfield>
   </marc:datafield>
   <marc:datafield ind1="0" ind2="0" tag="245">
      <marc:subfield code="a">Guitar Gold</marc:subfield>
   </marc:datafield>
   <marc:datafield ind1="0" ind2="0" tag="245">
      <marc:subfield code="b">Gitarrenschule - Guitar Method</marc:subfield>
   </marc:datafield>
   <marc:datafield ind1="0" ind2="0" tag="245">
      <marc:subfield code="c">Robert Morandell</marc:subfield>
   </marc:datafield>
   <marc:datafield ind1=" " ind2="1" tag="264">
      <marc:subfield code="a">Manching</marc:subfield>
      <marc:subfield code="b">Edition DUX</marc:subfield>
      <marc:subfield code="c">2026</marc:subfield>
   </marc:datafield>
   <marc:datafield ind1="1" ind2=" " tag="520">
      <marc:subfield code="a">"Guitar Gold" heißt rascher Lernfortschritt durch liebevoll komponierte Stücke sowie „Challenges“ (Stücke mit Fokus auf Technik). Zu jedem Stück stehen professionelle Online-Videos in 3 verschiedenen Tempi zur Verfügung, um jedes Stück (auch ohne LehrerIn) zu üben und schließlich sicher zu meistern. Die Kombination aus durchdachter Pädagogik, logischem Aufbau und modernem, multimedialem Lernsystem bringt Spaß beim Gitarrenspielen bei kontinuierlicher Weiterentwicklung der technischen sowie musikalischen Fähigkeiten auf der Gitarre. Guitar Gold – eine Gitarrenrevolution.

 

Beispielvideos finden Sie hier:

Ein Walzerl in Ehren - Tribute Waltz

Das Geheimnis des Windes - The Secrets Of The Wind

Witch's Waltz

 

 

 

 
</marc:subfield>
   </marc:datafield>
   <marc:datafield ind1=" " ind2=" " tag="020">
      <marc:subfield code="a">9783868494136</marc:subfield>
      <marc:subfield code="9">9783868494136</marc:subfield>
   </marc:datafield>
   <marc:datafield ind1=" " ind2=" " tag="020">
      <marc:subfield code="a">3868494138</marc:subfield>
      <marc:subfield code="9">3868494138</marc:subfield>
   </marc:datafield>
   <marc:datafield ind1=" " ind2=" " tag="041">
      <marc:subfield code="a">ger</marc:subfield>
   </marc:datafield>
   <marc:datafield ind1=" " ind2=" " tag="300">
      <marc:subfield code="a">1 Partitur (52 Seiten)</marc:subfield>
   </marc:datafield>
</marc:record>
